Mészáros István Mióta van iskola? /

Elmentve itt :
Bibliográfiai részletek
Szerzők: Bereczki Sándor
Mészáros István
Dokumentumtípus: Cikk
Megjelent: 1983
Sorozat:Módszertani közlemények 23 No. 4
Kulcsszavak:Neveléstudomány
Online Access:http://acta.bibl.u-szeged.hu/27099
LEADER 00654nab a2200193 i 4500
001 acta27099
005 20210223151402.0
008 161017s1983 hu o 0|| hun d
022 |a 1219-0039 
040 |a SZTE Egyetemi Kiadványok Repozitórium  |b hun 
041 |a hun 
100 1 |a Bereczki Sándor 
245 1 0 |a Mészáros István  |h [elektronikus dokumentum] :  |b Mióta van iskola? /  |c  Bereczki Sándor 
260 |c 1983 
300 |a 272-274 
490 0 |a Módszertani közlemények  |v 23 No. 4 
695 |a Neveléstudomány 
700 0 1 |a Mészáros István  |e aut 
856 4 0 |u http://acta.bibl.u-szeged.hu/27099/1/modszertani_023_004_272-274.pdf  |z Dokumentum-elérés